Faschismus

Titel: Faschismus : eine Weltgeschichte vom 19. Jahrhundert bis heute / Wolfgang Wippermann
Verfasser:
Veröffentlicht: Darmstadt : Primus-Verlag, 2009
Umfang: 336 Seiten ; 23 cm
Format: Buch
Sprache: Deutsch
RVK-Notation:
Schlagworte:
ISBN: 9783896783677
Buchumschlag
X
alg: 21167725
001A    $00017:23-04-09 
001B    $01999:25-07-24 $t18:05:33.000 
001D    $00017:23-04-09 
001U    $0utf8 
001X    $00 
002@    $0Aau 
002C    $aText $btxt $2rdacontent 
002D    $aohne Hilfsmittel zu benutzen $bn $2rdamedia 
002E    $aBand $bnc $2rdacarrier 
003@    $0211677256 
003O    $0419408449 $aOCoLC 
004A    $A978-3-89678-367-7 $f29,90 EurD 
004K    $09783896783677 
006G    $0991373960 
006T    $008,N50,3025 
006U    $009,A17,0449 
007A    $0991373960 $aDNB 
007G    $0DE004350255C54CDB783EC12575A5003CD9F8 
007T    $0Herdc0055038m 
009P    $qtext/html $A2 $3Inhaltstext $uhttp://deposit.dnb.de/cgi-bin/dokserv?id=3179624&prov=M&dok_var=1&dok_ext=htm $mB:DE-101 
009P    $qapplication/pdf $A2 $3Inhaltsverzeichnis $uhttp://scans.hebis.de/HEBCGI/show.pl?21167725_toc.pdf $mV:DE-603;B:DE-17 
010@    $ager 
011@    $a2009 
017A    $asf 
021A    $aFaschismus $deine Weltgeschichte vom 19. Jahrhundert bis heute $hWolfgang Wippermann 
028A    $BVerfasser $#Wippermann, Wolfgang $#Vipperman, Volf'gang $#Wippermann, W. $#Vipperman, Wolfgang $#Vipperman, V. $#Vipperman, W. $#Vippāman, Vorufugangu $#Vippermann, Volfgang $#Bol peu gang Bi peo man $#Bi peo man, Bol peu gang $#Випперманн, Волфганг $#ヴォルフガング・ヴィッパーマン $#비퍼만, 볼프강 $#볼프강 비퍼만 $4aut $7115477454 $8Wippermann, Wolfgang$Z1945-2021 [Tp1] $9149676913 
033A    $pDarmstadt $nPrimus-Verlag 
034D    $a336 Seiten 
034I    $a23 cm 
037A    $aLiteraturverzeichnis Seite [328]-330 
039U    $aRezensiert in $8--Oox--Framke, Maria. Wippermann, Wolfgang, 1945-. Faschismus. - Darmstadt : Primus-Verl.. -  2009 [Rezension], 2009 $939480385X 
039U    $aRezensiert in $8--Aox--Umland, Andreas. Wippermann, Wolfgang, 1945-. Faschismus. - Darmstadt : Primus-Verl.. -  2009 [Rezension], 2011 $9395007704 
044K    $qDNB $RIdeologie $RRechtsradikalismus $RAntifaschismus $RFaschist $#Fascism $#Fascisme $#Fascismo $#Faschismus $74016494-9 $8Faschismus [Ts1] $9085038679 
044N    $aFaschismus, Bonapartismus, Fundamentalismus 
045E    $c320 
045F    $a320.53309 $eDDC22ger 
045F/01 $a320.533 
045F/03 $f09 
045R    $aGeschichte 1800-2008 
045Z    $8MC 7200 [Tkv] $9410446661 
045Z    $8NK 6870 [Tkv] $9410891142 
046X    $aArchivierung/Langzeitarchivierung gewährleistet $5DE-17 $fPEHE 

lok: 21167725 3
101B    $022-07-09 $t11:39:11.000 
101C    $022-07-09 
101U    $0utf8 
145S/01 $a007 

exp: 21167725 3 1 #EPN
201B/01 $027-02-13 $t17:08:55.000 
201C/01 $020-05-09 
201U/01 $0utf8 
203@/01 $0574957480 
208@/01 $a10-05-09 $bzCg 
209A/01 $a04/MC 7200 W797 $du $f006 $h04 MC 7200 W797 $x00 
209G/01 $a2003194737 $x00 
247C/01 $8601006-4 <30/6>Frankfurt, Universitätsbibliothek J. C. Senckenberg, Bibliothek Sozialwissenschaften und Psychologie (BSP) $9313751838 

exp: 21167725 3 2 #EPN
201B/02 $029-03-16 $t08:57:47.000 
201C/02 $003-04-09 
201U/02 $0utf8 
203@/02 $0569571103 
208@/02 $a11-12-09 $bzCh 
209A/02 $a02/NK 6870 W797 F2 $du $f330 $h02 NK 6870 W797 F2  $x00 
209B/02 $a4402 $x05 
209C/02 $aBzG-2009/6735 
209G/02 $a1003600766 $x00 
247C/02 $8601330-2 <30/330>Frankfurt, Universitätsbibliothek J. C. Senckenberg, Bibliothekszentrum Geisteswissenschaften (BzG) $9102599378 

lok: 21167725 8

exp: 21167725 8 1 #EPN
201B/01 $005-05-23 $t17:58:04.000 
201C/01 $023-04-09 
201U/01 $0utf8 
203@/01 $0573884625 
208@/01 $a06-06-09 $bz 
209A/01 $a/MC 7200 W797 $ds $f001 $x00 
209B/01 $a06 $x05 
209G/01 $a17217909 $x00 
209G/01 $a6. Obergeschoss $x01 
247C/01 $8611001-0 <17/1>Darmstadt, TU Darmstadt, Universitäts- und Landesbibliothek - Schloss $9102595887 

lok: 21167725 21

exp: 21167725 21 1 #EPN
201B/01 $007-07-09 $t11:51:51.000 
201C/01 $008-06-09 
201U/01 $0utf8 
203@/01 $0575763523 
208@/01 $a07-07-09 $bz 
209A/01 $a2009/1983 $du $f100 $x00 
209G/01 $a52477603 $x00 
209G/01 $aMagazin $x01 
247C/01 $8640100-4 <66>Fulda, Hochschul- und Landesbibliothek Fulda, Standort Heinrich-von-Bibra-Platz $9102599599 

lok: 21167725 78

exp: 21167725 78 1 #EPN
201B/01 $019-04-17 $t14:56:41.000 
201U/01 $0utf8 
203@/01 $0791918572 
208@/01 $a12-11-16 $be 
209A/01 $a/ $f000 $x00 
220C/01 $aTitelaufnehmer: pg 
220C/01 $aHerkunft: HI Marburg 
237A/01 $aBetr. das Baltikum (129-136), Polen (136-142), die Slowakei (142-144) und Ungarn (146-150). - weiterführende Signatur(en): <17> Universtitäts- und Landesbibliothek Darmstadt, Sign.: OM09/MC 7200 W797 
244Z/01 $2Trx $#Baltijos šalys $#kraje bałtyckie $#Baltikum $8--Trx--Baltische Länder $x01 $9391352903 
244Z/01 $2Trx $#Estija $#Igaunija $#Estland $#Estonia $#Estonia $#Estónsko $#Estonsko $8--Trx--Eesti $x02 $9391237225 
244Z/01 $2Trx $#Litauen $#Lithuania $#Litwa $#Litva $#Litva $8--Trx--Lietuva $x03 $9391193457 
244Z/01 $2Trx $#Latvija $#Lettland $#Łotwa $#Lotyšsko $8--Trx--Latvija $x04 $9391275879 
244Z/01 $2Trx $#Poola $#Lenkija $#Polija $#Polen Land $#Poland $#Lengyelország $#Poľsko $#Polsko $8--Trx--Polska$gkraj $x05 $9391345966 
244Z/01 $2Trx $#Slowakische Republik $#Szlovák Köztársaság $#Republika Słowacka $#Slovenská Republika $#Slovensko $#Slowakei $#Słowacja $#Slovensko $8--Trx--Slovenská Republika $x06 $9391345796 
244Z/01 $2Trx $#Ungari $#Vengrija $#Ungārija $#Ungarn $#Hungary $#Węgry $#Maďarsko $#Maďarsko $#Uhorsko $#Uhersko;Uhry $8--Trx--Magyarország $x07 $9391197150 
244Z/01 $aGeschichte 1918-2007 $x08 
244Z/01 $2Trx $#fašism $#fašizmas $#fascism $#fasizmus $#faszyzm $#fašizmus $#fašismus $8--Trx--Faschismus $x09 $9391367218 
244Z/01 $2Trx $#natsionaalsotsialism 1920-1945 $#nacionalsocializmas 1920-1945 $#National Socialism 1920-1945 $#nemzetiszocializmus 1920-1945 $#narodowy socjalizm 1920-1945 $#socializmus národný 1920-1945 $#národní socialismus 1920-1945 $8--Trx--Nationalsozialismus$g1920-1945 $x10 $9391359525 
244Z/01 $2Trx $#parteid $#politinės partijos bendras $#political parties $#politikai pártok $#partie polityczne ogólnie $#strany politické všeobecne $#strany politické všeobecně $#życie polityczne $8--Trx--Parteien$gübergreifend $x11 $939135907X 
244Z/01 $2Trx $8--Trx--Monographie $x12 $9391384546 
245Z/01 $a06.04.01 $x01 
247C/01 $82080>Marburg/Lahn, Herder-Institut, Forschungsbibliothek, Bibliographieportal $9336309341
LEADER 00000cam a2200000 c 4500
001 211677256
003 DE-603
005 20240725180533.0
007 tu
008 090423s2009 xx |||| | u00||u|ger
015 |a 09,A17,0449  |z 08,N50,3025  |2 dnb 
016 7 |2 DE-101  |a 991373960 
020 |a 9783896783677  |c 29,90 EurD 
024 3 |a 9783896783677 
035 |a (DE-599)DNB991373960 
035 |a (OCoLC)419408449 
040 |a DE-603  |b ger  |c DE-603  |d DE-603 
041 |a ger 
082 0 4 |8 1\u  |a 320.53309  |q DE-101  |2 22/ger 
084 |a 320  |q DE-101  |2 sdnb 
084 |a MC 7200  |0 (DE-625)122417:  |0 (DE-603)410446661  |2 rvk 
084 |a NK 6870  |0 (DE-625)126145:  |0 (DE-603)410891142  |2 rvk 
085 |8 1\u  |b 320.533 
085 |8 1\u  |z 1  |s 09 
090 |a b 
100 1 |a Wippermann, Wolfgang  |d 1945-2021  |e Verfasser  |4 aut  |0 (DE-603)149676913  |0 (DE-588)115477454  |2 gnd 
245 0 0 |a Faschismus  |b eine Weltgeschichte vom 19. Jahrhundert bis heute  |c Wolfgang Wippermann 
264 1 |a Darmstadt  |b Primus-Verlag  |c 2009 
300 |a 336 Seiten  |c 23 cm 
336 |a Text  |b txt  |2 rdacontent 
337 |a ohne Hilfsmittel zu benutzen  |b n  |2 rdamedia 
338 |a Band  |b nc  |2 rdacarrier 
500 |a Literaturverzeichnis Seite [328]-330 
648 7 |a Geschichte 1800-2008  |2 gnd 
650 7 |a Faschismus  |0 (DE-588)4016494-9  |0 (DE-603)085038679  |2 gnd 
787 0 8 |i Rezensiert in  |a Framke, Maria  |t Wippermann, Wolfgang, 1945-. Faschismus. - Darmstadt : Primus-Verl.. - 2009 [Rezension]  |w (DE-603)39480385X 
787 0 8 |i Rezensiert in  |a Umland, Andreas  |t Wippermann, Wolfgang, 1945-. Faschismus. - Darmstadt : Primus-Verl.. - 2009 [Rezension]  |w (DE-603)395007704 
856 4 2 |m B:DE-101  |q text/html  |u http://deposit.dnb.de/cgi-bin/dokserv?id=3179624&prov=M&dok_var=1&dok_ext=htm  |3 Inhaltstext 
856 4 2 |m V:DE-603;B:DE-17  |q application/pdf  |u http://scans.hebis.de/HEBCGI/show.pl?21167725_toc.pdf  |3 Inhaltsverzeichnis 
924 0 |9 30/6  |a (DE-603)574957480  |b DE-30-6  |c HES  |d d  |g 04/MC 7200 W797 
924 0 |9 30/330  |a (DE-603)569571103  |b DE-30-330  |c HES  |d d  |g 02/NK 6870 W797 F2 
924 0 |9 17/1  |a (DE-603)573884625  |b DE-17-1  |c HES  |d b  |g /MC 7200 W797  |h 6. Obergeschoss 
924 0 |9 66  |a (DE-603)575763523  |b DE-66  |c HES  |d c  |g 2009/1983  |h Magazin 
924 0 |9 2080  |a (DE-603)791918572  |b DE-2080  |c HES  |d d  |g /